Cómo crear un portafolio y adentrarse en el mundo profesional: Guía de orientación para creativos.
Uloženo v:
| Hlavní autor: | |
|---|---|
| Další autoři: | |
| Médium: | Kniha |
| Vydáno: |
Barcelona, España:
Gustavo Gili,
2013.
|
| Vydání: | 2a. edición actualizada e ampliada |
| Témata: | |
| Tagy: |
Přidat tag
Žádné tagy, Buďte první, kdo vytvoří štítek k tomuto záznamu!
|
MARC
| LEADER | 00000nam a22000007a 4500 | ||
|---|---|---|---|
| 003 | CL-VaPUC | ||
| 005 | 20250407202447.0 | ||
| 008 | 250314t2013 ||||| |||| 00| 0 eng d | ||
| 999 | |c 447353 |d 447351 | ||
| 020 | |a 978-84-252-2630-4 | ||
| 040 | |c Pontificia Universidad Católica de Valparaíso | ||
| 082 | |a 741.6 TAY 2013 | ||
| 100 | |9 896882 |a Taylor, Fig |e autor | ||
| 245 | |a Cómo crear un portafolio y adentrarse en el mundo profesional: |b Guía de orientación para creativos. | ||
| 250 | |a 2a. edición actualizada e ampliada | ||
| 260 | |a Barcelona, España: |b Gustavo Gili, |c 2013. | ||
| 300 | |a 160 páginas: |b ilustraciones. | ||
| 500 | |a c.1.Instituto Arcos.08-01-2025. | ||
| 583 | |c 20250314 |k Gabriela Rodríguez Cuevas | ||
| 650 | 0 | |9 896883 |a Portafolios de arte |x Diseño | |
| 650 | 0 | |9 265865 |a Artes gráficas |x Capacidad creativa | |
| 650 | 0 | |9 266874 |a Diseño gráfico |x Formación profesional | |
| 700 | |9 896303 |a López Ruiz, Ana |e traductora | ||
| 942 | |2 ddc |c BK |n 0 | ||
| 952 | |0 0 |1 0 |2 ddc |4 0 |6 741_600000000000000_TAY_2013 |7 0 |8 A |9 601277 |a BIBINC |b BIBINC |d 2025-03-14 |e Instituto Arcos |i 5666155 |l 2 |m 1 |o 741.6 TAY 2013 |p 5666155 |q 2025-04-28 |r 2025-04-21 |s 2025-04-21 |t 1 |w 2025-03-14 |y BK |k IFP | ||